书目信息 |
| 题名: |
下一个就是你
|
|
| 作者: | 艾柯 编译 | |
| 分册: | ||
| 出版信息: | 北京 文化艺术出版社 2009.09 |
|
| 页数: | 252页 | |
| 开本: | 23cm | |
| 丛书名: | 英文爱藏系列 | |
| 单 册: | ||
| 中图分类: | H319.4 , I14 | |
| 科图分类: | ||
| 主题词: | 英语--汉语--对照读物 , 故事--作品集--世界 | |
| 电子资源: | ||
| ISBN: | 978-7-5039-3844-3 | |
| 000 | 00976nam 2200289 450 | |
| 001 | 012010606429 | |
| 005 | 20100629105812.62 | |
| 009 | 012004384672 | |
| 010 | @a978-7-5039-3844-3@dCNY22.80 | |
| 100 | @a20100515d2009 em y0chiy0110 ea | |
| 101 | 0 | @achi@aeng |
| 102 | @aCN@b110000 | |
| 105 | @aa z 000ay | |
| 200 | 1 | @a下一个就是你@Axia yi ge jiu shi ni@d= You will be the next one@f艾柯编译@zeng |
| 210 | @a北京@c文化艺术出版社@d2009.09 | |
| 215 | @a252页@c图@d23cm | |
| 225 | 2 | @a英文爱藏系列@v01 |
| 330 | @a本书精选的作品皆为名家之作,细腻的心理描写,离奇的故事情节,独特的描写手法,难以捉摸的人物性格,无法理解的感情纠葛……这是一本汉英对照的优秀读物,更是一本翻译佳作。 | |
| 410 | 0 | @12001 @a英文爱藏系列@v01 |
| 510 | 1 | @a You will be the next one@zeng |
| 606 | 0 | @a英语@x汉语@j对照读物 |
| 606 | 0 | @a故事@x作品集@y世界 |
| 690 | @aH319.4@v4 | |
| 690 | @aI14@v4 | |
| 701 | 0 | @a艾柯@Aai ke@4编译 |
| 801 | 0 | @aCN@c20100515 |
| 905 | @dH319.4@eA361-2@f3 | |
| 下一个就是你= You will be the next one/艾柯编译.-北京:文化艺术出版社,2009.09 |
| 252页:图;23cm.-(英文爱藏系列;01) |
| ISBN 978-7-5039-3844-3:CNY22.80 |
| 本书精选的作品皆为名家之作,细腻的心理描写,离奇的故事情节,独特的描写手法,难以捉摸的人物性格,无法理解的感情纠葛……这是一本汉英对照的优秀读物,更是一本翻译佳作。 |
| ● |
| 相关链接 |
|
|
|
正题名:下一个就是你
索取号:H319.4/A361-2
 
预约/预借
| 序号 | 登录号 | 条形码 | 馆藏地/架位号 | 状态 | 备注 |